<?xml version="1.0" encoding="UTF-8"?>
<record
    xmlns:xsi="http://www.w3.org/2001/XMLSchema-instance"
    xsi:schemaLocation="http://www.loc.gov/MARC21/slim http://www.loc.gov/standards/marcxml/schema/MARC21slim.xsd"
    xmlns="http://www.loc.gov/MARC21/slim">

  <leader>02291nam a22002297a 4500</leader>
  <controlfield tag="003">OSt</controlfield>
  <controlfield tag="005">20221028114457.0</controlfield>
  <controlfield tag="008">151029b        xxu||||| |||| 00| 0 eng d</controlfield>
  <datafield tag="020" ind1=" " ind2=" ">
    <subfield code="a">9780323052511</subfield>
  </datafield>
  <datafield tag="040" ind1=" " ind2=" ">
    <subfield code="c">LC</subfield>
  </datafield>
  <datafield tag="050" ind1=" " ind2=" ">
    <subfield code="a">RT41.O16</subfield>
  </datafield>
  <datafield tag="100" ind1=" " ind2=" ">
    <subfield code="q">Ochs, Geralyn</subfield>
    <subfield code="9">240</subfield>
  </datafield>
  <datafield tag="245" ind1=" " ind2=" ">
    <subfield code="a">Study guide and skills performance checklists for: Fundamentals of nursing, 7th ed. [by Potter &amp; Perry]. /</subfield>
    <subfield code="c">Geralyn Ochs, Jerrilee LaMar, Linda Turchin</subfield>
  </datafield>
  <datafield tag="250" ind1=" " ind2=" ">
    <subfield code="a">7th ed.</subfield>
  </datafield>
  <datafield tag="260" ind1=" " ind2=" ">
    <subfield code="a">St Louis, Missouri:</subfield>
    <subfield code="b">Elsevier Mosby,</subfield>
    <subfield code="c">2009.</subfield>
  </datafield>
  <datafield tag="300" ind1=" " ind2=" ">
    <subfield code="a">x, 382 p.:</subfield>
    <subfield code="b">ill. ;</subfield>
  </datafield>
  <datafield tag="505" ind1=" " ind2=" ">
    <subfield code="a"> Contents: Client and the health care environment: Nursing today -- The health care delivery system -- Community-based nursing practice -- Theoretical foundations of nursing practice -- Evidence-based practice -- Caring throughout the life span: Health and wellness -- Caring for the cancer survivor -- Caring in nursing practice -- Culture and ethnicity -- Caring for families -- Developmental theories -- Conception through adolescence -- Young to middle adult -- Older adult -- Critical thinking in nursing practice: Critical thinking in nursing practice -- Nursing assessment -- Nursing diagnosis -- Planning nursing care -- Implementing nursing care -- Evaluation -- Managing client care -- Professional standards in nursing practice: Ethics and values -- Legal implications in nursing practice -- Communication -- Client education -- Documentation and informatics -- Psychosocial basis for nursing practice: Self-concept -- Sexuality -- Spiritual health -- The experience of loss, death, and grief -- Stress and coping -- Scientific basis for nursing practice: Vital signs -- Health assessment and physical examination -- Infection prevention and control -- Medication administration -- Complementary and alternative therapies -- Basic human needs: Activity and exercise -- Client safety -- Hygiene -- Oxygenation -- Fluid, electrolyte, and acid-base balance -- Sleep -- Pain management -- Nutrition -- Urinary elimination -- Bowel elimination -- Clients with special needs:  Mobility and immobility -- Skin integrity and wound care -- Sensory alterations -- Care of surgical clients --       </subfield>
  </datafield>
  <datafield tag="650" ind1=" " ind2=" ">
    <subfield code="a">Nursing </subfield>
    <subfield code="9">102</subfield>
  </datafield>
  <datafield tag="700" ind1=" " ind2=" ">
    <subfield code="a">LaMar, Jerrilee</subfield>
    <subfield code="9">682</subfield>
  </datafield>
  <datafield tag="700" ind1=" " ind2=" ">
    <subfield code="a">Turchin, Linda</subfield>
    <subfield code="9">683</subfield>
  </datafield>
  <datafield tag="942" ind1=" " ind2=" ">
    <subfield code="2">lcc</subfield>
    <subfield code="c">BK</subfield>
  </datafield>
  <datafield tag="999" ind1=" " ind2=" ">
    <subfield code="c">9168</subfield>
    <subfield code="d">16668</subfield>
  </datafield>
  <datafield tag="952" ind1=" " ind2=" ">
    <subfield code="0">0</subfield>
    <subfield code="1">0</subfield>
    <subfield code="2">lcc</subfield>
    <subfield code="4">0</subfield>
    <subfield code="7">0</subfield>
    <subfield code="a">WIUC-KL</subfield>
    <subfield code="b">WIUC-KL</subfield>
    <subfield code="c">NURS L.</subfield>
    <subfield code="d">2019-11-28</subfield>
    <subfield code="l">1</subfield>
    <subfield code="o">RT41.O16(7e)</subfield>
    <subfield code="p">KSN/897/897/19</subfield>
    <subfield code="r">2025-02-18 00:00:00</subfield>
    <subfield code="s">2025-02-13</subfield>
    <subfield code="w">2022-08-24</subfield>
    <subfield code="y">BK</subfield>
  </datafield>
</record>
